000 00735cpcaa2200229 4500
001 mm 79003493
003 DLC
005 20260227111643.0
008 790413|||||||||||| eng
010 _amm 79003493
040 _aDLC
_cDLC
_edacs
_dDLC
072 7 _aL
_2lcmd
100 1 _aCornwell, Henry Sylvester,
_d1831-1886.
245 0 0 _aHenry Sylvester Cornwell poem,
_fundated.
300 _a1
_fitem.
506 0 _aOpen to research.
545 0 _aPoet.
546 _aCollection material in English.
580 _aForms part of: Miscellaneous Manuscripts collection.
656 7 _aPoets.
_2itoamc
999 _c41349
_d41349